| 000 | 00341nam a22001097a 4500 | ||
|---|---|---|---|
| 008 | 230606b xxu||||| |||| 00| 0 eng d | ||
| 082 | _a339.21 | ||
| 245 |
_aThe Third Annual Progress Report (2005-2006) _bEconomic Recovery Strategy (2003-2007) |
||
| 260 |
_aNairobi,Kenya _bGovernment of Kenya _cAugust,2007 |
||
| 300 | _aXVI,242p | ||
| 942 |
_2ddc _cBK |
||
| 999 |
_c552 _d552 |
||